15 miast w województwie łódzkim. - Statystyki

Ogólne statystyki
  • Ten quiz został rozwiązany 27 razy
  • Średni wynik to 12 z 15
Statystyki odpowiedzi
Ludność Odpowiedź % Poprawnych
648 711 Łódź
100%
60 268 Pabianice
92%
53 543 Zgierz
92%
65 528 Piotrków trybunalski
88%
57 438 Tomaszów mazowiecki
88%
39 158 Sieradz
84%
55 581 Bełchatów
80%
26 231 Łowicz
80%
45 268 Skierniewice
80%
41 231 Kutno
76%
38 524 Zduńska Wola
76%
34 295 Opoczno
68%
43 417 Radomsko
64%
23 258 Wieluń
64%
21 930 Aleksandrów Łódzki
48%
Nie znaleziono quizów pasujących do podanych kryteriów
Rozkład punktacji
Procent ludzi z każdym wynikiem
Percentyl według liczby udzielonych odpowiedzi
Twoja historia wyników
Nie rozwiązałeś tego quizu